The friendship poems of Rumi (Record no. 5109)

MARC details
000 -CABECERA
campo de control de longitud fija 01616nam a22002177a 4500
008 - DATOS DE LONGITUD FIJA--INFORMACIÓN GENERAL
campo de control de longitud fija 251024b |||||||| |||| 00| 0 eng d
020 ## - NÚMERO INTERNACIONAL ESTÁNDAR DEL LIBRO
Número Internacional Estándar del Libro 9781577152194
040 ## - FUENTE DE LA CATALOGACIÓN
Centro/agencia transcriptor tbs
041 ## - CÓDIGO DE LENGUA
Código de lengua del texto/banda sonora o título independiente eng
Código de lengua original Persian
100 ## - ENTRADA PRINCIPAL--NOMBRE DE PERSONA
Nombre de persona Jalāl al-Dīn Rūmī, Maulana
Fechas asociadas al nombre 1207-1273
9 (RLIN) 26332
Término indicativo de función/relación author
245 ## - MENCIÓN DE TÍTULO
Título The friendship poems of Rumi
Mención de responsabilidad, etc. / translated by Nader Khalili.
260 ## - PUBLICACIÓN, DISTRIBUCIÓN, ETC.
Lugar de publicación, distribución, etc. New York, NY :
Nombre del editor, distribuidor, etc. Wellfleet Press,
Fecha de publicación, distribución, etc. 2020
300 ## - DESCRIPCIÓN FÍSICA
Extensión 128 pages :
Otras características físicas illustratons (color) ;
Dimensiones 21 cm.
490 ## - MENCIÓN DE SERIE
Mención de serie Timeless Rumi
505 ## - NOTA DE CONTENIDO CON FORMATO
Nota de contenido con formato An Introduction to Rumi's Friendship Poetry — Fountain of Fire — Dancing the Flame — About the Translator.
520 ## - SUMARIO, ETC.
Sumario, etc. For more than eight centuries, Jalaluddin Muhammad Balkhi Rumi—commonly referred to simply as Rumi—has enchanted and enthralled readers from every faith and background with his universal themes of love, friendship, and spirituality, which he seamlessly wove into resplendent poetry.<br/><br/>The verses perfectly express the universal importance of friendship in its many forms. A perfect gift to celebrate a special friendship, allow Rumi to exquisitely express the deeper meanings of being, and having, a friend in your life. <br/><br/>With intricately designed and richly colored covers that mirror the beauty of the words within, the Timeless Rumi series presents themed collections of poems from the great Sufi mystic Jalaluddin Muhammad Balkhi Rumi that serve as cherished tools for self-reflection.
600 #0 - PUNTO DE ACCESO ADICIONAL DE MATERIA--NOMBRE DE PERSONA
Nombre de persona Jalāl al-Dīn Rūmī, Maulana, 1207-1273
Subdivisión general Translations into English
9 (RLIN) 26334
655 #0 - TÉRMINO DE INDIZACIÓN--GÉNERO/FORMA
Datos o término principal de género/forma Poetry
9 (RLIN) 23162
700 ## - ENTRADA AGREGADA--NOMBRE PERSONAL
Nombre de persona Khalili, Nader
9 (RLIN) 26333
Término indicativo de función/relación translator
942 ## - ELEMENTOS DE ENTRADA AGREGADA (KOHA)
Fuente del sistema de clasificación o colocación Clasificación de Library of Congress
Holdings
Estado de retiro Estado de pérdida Fuente del sistema de clasificación o colocación Estado dañado No para préstamo Biblioteca de origen Biblioteca actual Fecha de adquisición Total de préstamos Signatura topográfica completa Código de barras Fecha visto por última vez Número de copia Precio válido a partir de Tipo de ítem Koha
    Clasificación de Library of Congress     TBS Barcelona TBS Barcelona 24/10/2025   PO-EN RUM B05688 24/10/2025 1 24/10/2025 Book

Powered by Koha